000 00280nam a2200109Ia 4500
008 190216s9999||||xx |||||||||||||| ||und||
100 _aThirunalloor Karunakaran
245 0 _aMalayala Bhasha Parinama Sidhanthangal
260 _bNull
650 _aMalayalam Criticism
942 _cBK
999 _c23743
_d23743